000
00286nam a2200109Ia 4500
008
230907s9999||||xx |||||||||||||| ||und||
082
_a
1.434
_b
COB
245
0
_a
Introduction to design and analysis of experiments /
260
_a
Wiley,
_b
Delhi :
_c
2015
300
_a
802 p.
942
_c
BK
999
_c
600308
_d
600308